ბათუმის შოთა რუსთაველის სახელმწიფო უნივერსიტეტის ბიბლიოთეკა

Pathophysiology : (ბიბ.ჩანაწერი № 57467)

000 -LEADER
fixed length control field 01592cam a2200385 i 4500
001 - CONTROL NUMBER
control field 18458379
005 - DATE AND TIME OF LATEST TRANSACTION
control field 20221105220837.0
008 - FIXED-LENGTH DATA ELEMENTS--GENERAL INFORMATION
fixed length control field 150121s2016 pau b 001 0 eng
010 ## - LIBRARY OF CONGRESS CONTROL NUMBER
LC control number 2015002590
020 ## - INTERNATIONAL STANDARD BOOK NUMBER
International Standard Book Number 9780803615717 (pbk) 1
020 ## - INTERNATIONAL STANDARD BOOK NUMBER
International Standard Book Number 080361571X (pbk) 1
035 ## - SYSTEM CONTROL NUMBER
System control number (DNLM)101649943
040 ## - CATALOGING SOURCE
Original cataloging agency DNLM/DLC
Transcribing agency DLC
Description conventions rda
Modifying agency DLC
041 ## - LANGUAGE CODE
Language code of text/sound track or separate title eng
042 ## - AUTHENTICATION CODE
Authentication code pcc
050 00 - LIBRARY OF CONGRESS CALL NUMBER
Classification number RB113
Item number .C243 2016
060 10 - NATIONAL LIBRARY OF MEDICINE CALL NUMBER
Classification number QZ 140
080 ## - UNIVERSAL DECIMAL CLASSIFICATION NUMBER
Universal Decimal Classification number 616.07 C-20
082 00 - DEWEY DECIMAL CLASSIFICATION NUMBER
Classification number 616.07
Edition number 23
100 1# - MAIN ENTRY--PERSONAL NAME
Personal name Capriotti, Theresa,
Relator term author.
9 (RLIN) 8749
245 10 - TITLE STATEMENT
Title Pathophysiology :
Remainder of title introductory concepts and clinical perspectives /
Statement of responsibility, etc. Theresa Capriotti, DO, MSNm CRNP, RN, Clinical Associate Professor, Villanova University, Villanova, Pennsylvania, Joan Parker Frizzell, PhD, CRNP, ANP-BC, Associate Professor, School of Nursing & Health science, La Salle University, Philadelphia, Pennsylvania, Nurse Practitioner, Roxborough Memorial Hospital, Philadelphia, Pennsylcannia.
264 #1 - PRODUCTION, PUBLICATION, DISTRIBUTION, MANUFACTURE, AND COPYRIGHT NOTICE
Place of production, publication, distribution, manufacture Philadelphia :
Name of producer, publisher, distributor, manufacturer F.A. Davis Company,
Date of production, publication, distribution, manufacture, or copyright notice [2016]
300 ## - PHYSICAL DESCRIPTION
Extent xxvii, 1161 pages ;
Dimensions 28 cm
336 ## - CONTENT TYPE
Content type term text
Source rdacontent
337 ## - MEDIA TYPE
Media type term unmediated
Source rdamedia
338 ## - CARRIER TYPE
Carrier type term volume
Source rdacarrier
504 ## - BIBLIOGRAPHY, ETC. NOTE
Bibliography, etc. note Includes bibliographical references and index.
650 12 - SUBJECT ADDED ENTRY--TOPICAL TERM
Topical term or geographic name entry element Disease
Form subdivision Nurses' Instruction.
9 (RLIN) 8750
653 ## - INDEX TERM--UNCONTROLLED
keyword მედიცინა
653 ## - INDEX TERM--UNCONTROLLED
keyword პათოფიზიოლოგია
700 1# - ADDED ENTRY--PERSONAL NAME
Personal name Frizzell, Joan Parker,
Relator term ავტორი
9 (RLIN) 8751
906 ## - LOCAL DATA ELEMENT F, LDF (RLIN)
a 7
b cbc
c orignew
d 1
e ecip
f 20
g y-gencatlg
942 ## - ADDED ENTRY ELEMENTS (KOHA)
Source of classification or shelving scheme
Koha item type წიგნი
ეგზემპლარები
Withdrawn status Lost status Source of classification or shelving scheme Damaged status Not for loan Permanent Location Current Location Shelving location Date acquired Cost, normal purchase price Full call number Barcode Date last seen Copy number Price effective from Koha item type Public note
          ბათუმის შოთა რუსთაველის სახელმწიფო უნივერსიტეტის მთავარი ბიბლიოთეკა ბათუმის შოთა რუსთაველის სახელმწიფო უნივერსიტეტის მთავარი ბიბლიოთეკა წიგნსაცავი 2020-06-24 525.00 616.07 C-20 60664 2020-06-24 60664 2020-06-24 წიგნი 525 ლ.